000
00303nam a22001217a 4500
008
171016b xxu||||| |||| 00| 0 eng d
041
_a
eng
080
_2
2ND
_a
331.101.262
100
_a
52
101
_a
BNJ
245
_a
PSYCHOLOGICAL FOUNDATIONS OF ORGANIZATIONAL BEHAVIOR
_c
STAW,B.M
942
_2
udc
_c
BK
999
_c
34224
_d
34224